Library Logo

ইসলামী রাজনীতির ভূমিকা / (Record no. 99445)

000 -LEADER
fixed length control field 00630nam a22001697a 4500
003 - CONTROL NUMBER IDENTIFIER
control field BD-DhUL
005 - DATE AND TIME OF LATEST TRANSACTION
control field 20160818153323.0
008 - FIXED-LENGTH DATA ELEMENTS--GENERAL INFORMATION
fixed length control field 160818b xxu||||| |||| 00| 0 eng d
040 ## - CATALOGING SOURCE
Transcribing agency BD-DhUL
082 ## - DEWEY DECIMAL CLASSIFICATION NUMBER
Classification number 320.1
Item number ABI
100 ## - MAIN ENTRY--PERSONAL NAME
Personal name রহীম, মওলানা আবদুর রহীম
245 ## - TITLE STATEMENT
Title ইসলামী রাজনীতির ভূমিকা /
Statement of responsibility, etc. রহীম, মওলানা আবদুর রহীম
260 ## - PUBLICATION, DISTRIBUTION, ETC. (IMPRINT)
Place of publication, distribution, etc. ঢাকা :
Name of publisher, distributor, etc. খায়রুল,
Date of publication, distribution, etc. ২০০৭.
300 ## - PHYSICAL DESCRIPTION
Extent ১৮৩ পৃ. ;
Dimensions ২২ সেমি.
650 ## - SUBJECT ADDED ENTRY--TOPICAL TERM
Form subdivision রাজনীতি
-- Politics
942 ## - ADDED ENTRY ELEMENTS (KOHA)
Source of classification or shelving scheme
Koha item type Books
Holdings
Price effective from Date last seen Permanent Location Not for loan Date acquired Source of classification or shelving scheme Koha item type Lost status Withdrawn status Copy number Source of acquisition Collection code Damaged status Shelving location Barcode Current Location Full call number
2016-08-182016-08-18Dhaka University Library 2016-08-18 Books  5purchasedNon Fiction General Stacks450468Dhaka University Library320.1 ABI
2016-08-182016-08-18Dhaka University Library 2016-08-18 Books  8PurchesdNon Fiction General Stacks450543Dhaka University Library320.1 ABI
2016-08-182016-08-18Dhaka University Library 2016-08-18 Books  4PurchesdNon Fiction General Stacks450467Dhaka University Library320.1 ABI
2016-08-182016-08-18Dhaka University Library 2016-08-18 Books  6purchasedNon Fiction General Stacks450541Dhaka University Library320.1 ABI
2016-08-182016-08-18Dhaka University Library 2016-08-18 Books  9purchasedNon Fiction General Stacks450544Dhaka University Library320.1 ABI
2016-08-212016-08-21Dhaka University Library 2016-08-21 Books  10PurchasedNon Fiction General Stacks450546Dhaka University Library320.1 ABI
2016-10-102016-10-10Dhaka University Library 2016-10-10 Books  1PurchasedNon Fiction General Stacks341771Dhaka University Library320.1 ABI
2016-10-102016-10-10Dhaka University Library 2016-10-10 Books  2PurchasedNon Fiction General Stacks341772Dhaka University Library297.320 ABE
2016-10-102016-10-10Dhaka University Library 2016-10-10 Books  3PurchasedNon Fiction General Stacks341773Dhaka University Library297.320 ABE
Last Updated on September 15, 2019
© Dhaka University Library. All Rights Reserved|Staff Login